00916nam a2200181 a 450000100060000000300090000600800410001504000280005608200140008410000190009824500250011726000310014230000080017350504840018165000180066565000320068365000190071522661CO-ViMGA141112s2004 ck r 000 u spa d aCO-ViMGAbspacCO-ViMGA04a345 F374j1 aFerri, Enrique10aJusticia y ley penal aBogotá : bLeyer, c2005 a181 aLa justicia penal : la noticia de un delito, El delito en la conciencia publica, Grecia, los primeros progresos, derecho romano, dercho germanico, derecho canonico, estatutos municipales 9 - 37 - - La ciencia penal : La escuela clasica, La escuela positiva, los neoclasicos, las varias ramas de la ciencia penal, 41 - 96 - - La ley penal : Origen y funcion penal, imperio absolutod de la ley penal, las formas de la ley penal, prerrogativas personales, la extradicion 105 - 183 14aDERECHO PENAL14aDERECHO PENAL - LEGISLACION14aJUSTICIA PENAL